Hľadanie domova

Bibliographic Details
Main Author: Kuric, Andrej, 1954- (Author)
Format: Book
Language:Slovak
Croatian
PhysicalDescription:96 s. fareb. ilustr. 18 cm
Published: Našice Zväz Slovákov v Chorvátsku 2011
ISBN:9789537277283
Subjects:

MARC

LEADER 00000nam a2200000 a 4500
001 vtls010285874
003 SK-MaSNL
005 20260302011815.0
008 240318s2011 ci a 000 pdslo
015 |a SNBZSA2011-00772 
020 |a 9789537277283  |q (brož.) 
040 |a SNK  |b slo  |c SNK  |e AACR2 
041 0 |a slo  |a scr 
043 |a e-ci--- 
044 |a ci  |c HR 
072 7 |a 821.162.4-1  |x Slovenská poézia  |2 konspekt 
080 |a 821.162.4(497.5)-1  |2 2001 
100 1 |a Kuric, Andrej,  |d 1954-  |4 aut  |9 100471 
245 1 0 |a Hľadanie domova  |c Andrej Kuric ; [ilustrácie Josip Dinko Domaćinović] 
246 1 1 |a Čežnja za domovinom 
260 |a Našice  |b Zväz Slovákov v Chorvátsku  |c 2011 
300 |a 96 s.  |b fareb. ilustr.  |c 18 cm 
500 |a 300 výt. 
500 |a Pozn. o aut. 
546 |a Súbež. názov a text chorv. 
650 0 7 |a slovenská poézia  |2 snkph  |9 215422 
655 7 |a slovenská poézia  |2 snkph  |2 snkph  |9 70444 
655 7 |a dvojjazyčné vydania  |2 snkph  |9 79030 
919 |a 978-953-7277-28-3 
958 |a ZS 
958 |a LX 
958 |a HR 
958 |a NM 
999 |c 1007458  |d 1009388 
952 |a SNK  |b SNK  |y PREZ  |7 0  |p 17A0717514  |o snkSD 80420  |i snk2011/18501  |8 2  |g 2.92  |0 0  |1 0  |4 0  |d 2011-06-15  |l 0  |r 2025-11-27 00:00:00  |w 2026-02-24 
952 |a SNK  |b SNK  |y VYP  |7 0  |p 17A0720937  |o snkSD 80420 D1  |i snk2011/21419  |8 2  |g 2.98  |0 0  |1 0  |4 0  |d 2011-10-03  |l 0  |r 2017-06-30 00:00:00  |w 2026-02-24